[Event "XXI Festival"]
[Site "Arco ITA"]
[Date "1999.10.29"]
[Round "7"]
[White "Haldemann, Paul"]
[Black "Bonomi, Maurizio"]
[Result "1/2-1/2"]
[WhiteElo "2235"]
[BlackElo "2238"]
[PlyCount "44"]
[EventDate "1999.10.23"]

1.d4 Nf6 2.c4 g6 3.Nc3 Bg7 4.e4 d6 5.Be2 O-O 6.Bg5 Na6 7.h4 e5 8.d5 h6 9.
Be3 Nc5 10.f3 c6 11.Qd2 cxd5 12.cxd5 Kh7 13.Nh3 Nh5 14.g4 Ng3 15.Rh2 Nxe2 
16.Nxe2 Bxg4 17.Bxc5 Bxh3 18.Be3 Bd7 19.O-O-O Bb5 20.h5 g5 21.Ng3 a5 22.
Kb1 Bd7 1/2-1/2

[Event "XXI Festival"]
[Site "Arco ITA"]
[Date "1999.10.29"]
[Round "7"]
[White "Heinlein, Reinhold"]
[Black "Medancic, Rikard"]
[Result "1-0"]
[WhiteElo "2145"]
[BlackElo "2329"]
[PlyCount "85"]
[EventDate "1999.10.23"]

1.d4 c5 2.d5 e5 3.e4 d6 4.Nc3 Be7 5.Nf3 h6 6.Be3 Bg5 7.Nxg5 hxg5 8.Qd2 f6 
9.Be2 Ne7 10.O-O-O a6 11.g3 g4 12.f3 gxf3 13.Bxf3 b5 14.h4 Nd7 15.Kb1 Nb6 
16.Qf2 Bd7 17.g4 Nc4 18.Bc1 Qa5 19.g5 Rb8 20.gxf6 gxf6 21.Rdf1 b4 22.Nd1 
f5 23.Ne3 Bb5 24.Be2 Nxe3 25.Bxb5+ axb5 26.Qxe3 Ra8 27.a3 f4 28.Qh3 bxa3 
29.bxa3 Qa4 30.Qe6 Ra6 31.Rhg1 b4 32.Rg7 Qd7 33.Rxe7+ Qxe7 34.Qc8+ Qd8 35.
Qxa6 bxa3 36.Rg1 Qb8+ 37.Ka2 Kf7 38.Qc6 Rd8 39.Rg5 Qa7 40.h5 c4 41.h6 Kf6 
42.Rg7 Qf2 43.Qxc4 1-0

[Event "XXI Festival"]
[Site "Arco ITA"]
[Date "1999.10.29"]
[Round "7"]
[White "Klimm, Wolf-Dietrich"]
[Black "Hocevar, Nikola"]
[Result "1-0"]
[WhiteElo "2212"]
[BlackElo "2174"]
[PlyCount "107"]
[EventDate "1999.10.23"]

1.Nf3 g6 2.g3 Bg7 3.Bg2 e5 4.O-O d5 5.c4 dxc4 6.Qa4+ Nc6 7.Qxc4 Nge7 8.Nc3
O-O 9.d3 Be6 10.Qh4 f6 11.Bd2 Qd7 12.Qa4 a6 13.Rfc1 Rfd8 14.Ne4 b6 15.Rc2 
Ra7 16.Rac1 Nd4 17.Qxd7 Rxd7 18.Nxd4 exd4 19.b4 Kf7 20.Rb2 h6 21.Be1 Nd5 
22.Nd2 Ke7 23.Nb1 f5 24.Rbc2 Kd8 25.Bd2 Bf7 26.h4 Re7 27.Bf3 Rd7 28.Kg2 
Be6 29.a4 Bf8 30.Rb2 Nf6 31.Na3 Bd5 32.Nc4 Re7 33.Bf4 Bxf3+ 34.Kxf3 Nd7 
35.Rbc2 Re6 36.e3 dxe3 37.Nxe3 Bxb4 38.Bxc7+ Ke8 39.d4 Ba3 40.Rb1 Re4 41.
Bxb6 Rb7 42.a5 Rxd4 43.Bxd4 Rxb1 44.Rc6 Kf7 45.Rxa6 Rb5 46.Ra7 Ke6 47.Ra8 
Rb8 48.Ra6+ Kf7 49.h5 gxh5 50.Rxh6 Rb5 51.a6 Ra5 52.a7 Bc5 53.Bxc5 Nxc5 
54.Rh8 1-0

[Event "XXI Festival"]
[Site "Arco ITA"]
[Date "1999.10.29"]
[Round "7"]
[White "Lettich, Sergio"]
[Black "Astengo, Marcello"]
[Result "0-1"]
[WhiteElo "2182"]
[BlackElo "2017"]
[PlyCount "58"]
[EventDate "1999.10.23"]

1.d4 d5 2.c4 e6 3.Nc3 c6 4.Nf3 Nd7 5.e3 Ngf6 6.Bd3 Bd6 7.O-O O-O 8.Qc2 Re8
9.e4 dxe4 10.Nxe4 Nxe4 11.Bxe4 h6 12.h3 e5 13.dxe5 Nxe5 14.Nxe5 Bxe5 15.
Bf5 Qf6 16.Bxc8 Raxc8 17.Be3 Bb8 18.Rad1 Qe5 19.g3 Qh5 20.Kg2 Re6 21.Rd3 
Rce8 22.Qd2 Qg6 23.b3 Qe4+ 24.Kh2 h5 25.Bd4 h4 26.Be3 Qf3 27.Qd1 hxg3+ 28.
Kg1 gxf2+ 29.Bxf2 Rg6+ 0-1

[Event "XXI Festival"]
[Site "Arco ITA"]
[Date "1999.10.29"]
[Round "7"]
[White "Mordiglia, Riccardo"]
[Black "Rossi, Giampiero"]
[Result "0-1"]
[WhiteElo "2118"]
[BlackElo "2020"]
[PlyCount "117"]
[EventDate "1999.10.23"]

1.d4 d5 2.Nf3 c6 3.Bf4 Bf5 4.e3 e6 5.Nbd2 Nd7 6.Be2 Ngf6 7.h3 Be7 8.O-O 
O-O 9.c4 Qb6 10.Qb3 Rfc8 11.c5 Qxb3 12.axb3 a6 13.b4 Re8 14.Nb3 Bd8 15.Ra3
Rc8 16.Na5 Bxa5 17.bxa5 Ra8 18.Rb3 Ra7 19.Ra1 Ne4 20.Rb4 f6 21.Bh2 e5 22.
Kf1 exd4 23.exd4 Nf8 24.Ra3 Bc8 25.Re3 Kf7 26.Bd3 Ng5 27.Rxe8 Kxe8 28.Nxg5
fxg5 29.Bb8 Ra8 30.Be5 Kd7 31.Be2 g6 32.Ke1 Ne6 33.Kd2 Ke7 34.Rb3 Nf4 35.
Bf3 Ne6 36.Ke3 Nd8 37.Bd6+ Ke8 38.Bc7 Ne6 39.Be5 Ke7 40.Bg4 Nd8 41.Bd6+ 
Kf7 42.Bc7 Ne6 43.Be5 Nd8 44.Bxc8 Rxc8 45.f4 gxf4+ 46.Kxf4 Ke6 47.Bd6 Kf6 
48.Be5+ Ke6 49.Re3 Kd7 50.Kg3 Nf7 51.Bg7 Re8 52.Rxe8 Kxe8 53.Bf6 Kd7 54.
Kf4 Ke6 55.Bh4 h6 56.Be1 Kf6 57.g4 Nd8 58.h4 Ne6+ 59.Ke3 0-1

[Event "XXI Festival"]
[Site "Arco ITA"]
[Date "1999.10.29"]
[Round "7"]
[White "Prang, Edgar"]
[Black "Fercec, Nenad"]
[Result "0-1"]
[WhiteElo "2249"]
[BlackElo "2476"]
[PlyCount "60"]
[EventDate "1999.10.23"]

1.Nf3 Nf6 2.c4 g6 3.b3 Bg7 4.Bb2 d6 5.d4 e5 6.dxe5 Nfd7 7.g3 dxe5 8.Bg2 
O-O 9.Nc3 Na6 10.O-O Nac5 11.b4 Ne6 12.c5 e4 13.Ne1 f5 14.Qb3 Ne5 15.Rd1 
Qe8 16.f3 exf3 17.Nxf3 Nxf3+ 18.Bxf3 c6 19.Rd6 Qf7 20.Qd1 h5 21.e4 f4 22.
Be2 Kh7 23.Bc4 Qe7 24.Bxe6 Bxe6 25.gxf4 Bh3 26.Rf2 Rxf4 27.Rxf4 Qg5+ 28.
Rg4 Qe3+ 29.Kh1 Bxg4 30.Rd3 Qf2 0-1

[Event "XXI Festival"]
[Site "Arco ITA"]
[Date "1999.10.29"]
[Round "7"]
[White "Ptaschinski, Dirk"]
[Black "Lovati, Paolo"]
[Result "1-0"]
[WhiteElo "2182"]
[BlackElo "2080"]
[PlyCount "69"]
[EventDate "1999.10.23"]

1.d4 d6 2.c4 f5 3.Nf3 Nf6 4.Nc3 g6 5.Bg5 Bg7 6.Qc2 h6 7.Bxf6 Bxf6 8.O-O-O 
e6 9.g4 Nc6 10.gxf5 exf5 11.h4 Ne7 12.e3 Be6 13.d5 Bd7 14.Nd4 Kf7 15.f4 
Bxd4 16.exd4 h5 17.Bg2 Ng8 18.Rde1 Qf6 19.Qd2 Re8 20.Rxe8 Bxe8 21.Nd1 Nh6 
22.Nf2 Ng4 23.Nh3 Bd7 24.Ng5+ Kg7 25.Re1 Qd8 26.Re6 Nh6 27.Qe1 Rf8 28.c5 
Nf7 29.Re7 Kg8 30.c6 Re8 31.Rxe8+ Bxe8 32.Qe6 Kg7 33.cxb7 Nxg5 34.fxg5 Bd7
35.Qf6+ 1-0

[Event "XXI Festival"]
[Site "Arco ITA"]
[Date "1999.10.29"]
[Round "7"]
[White "Rahls, Peter"]
[Black "Frilli, Fabio"]
[Result "1-0"]
[WhiteElo "2278"]
[BlackElo "1915"]
[PlyCount "81"]
[EventDate "1999.10.23"]

1.e4 c5 2.c3 d5 3.exd5 Qxd5 4.d4 Nf6 5.Nf3 Bg4 6.Qa4+ Nc6 7.Bc4 Qd7 8.dxc5
Bxf3 9.gxf3 Qf5 10.Be3 e6 11.Bb5 Qxf3 12.Rg1 O-O-O 13.Bxc6 bxc6 14.Nd2 
Rxd2 15.Bxd2 Bxc5 16.Qa6+ Kb8 17.Qe2 Qd5 18.c4 Qf5 19.Rg5 Qxf2+ 20.Qxf2 
Bxf2+ 21.Kxf2 Ne4+ 22.Ke2 Nxg5 23.Bxg5 f6 24.Be3 a6 25.Rd1 Kc7 26.b4 e5 
27.a4 g5 28.a5 h5 29.Bb6+ Kc8 30.Rd6 f5 31.Rf6 f4 32.Rf5 g4 33.Rxe5 h4 34.
h3 gxh3 35.Kf3 Rg8 36.Re1 h2 37.Rh1 Rg3+ 38.Kxf4 Rc3 39.Bc5 Rxc4+ 40.Kg5 
h3 41.Rxh2 1-0

[Event "XXI Festival"]
[Site "Arco ITA"]
[Date "1999.10.29"]
[Round "7"]
[White "Ricci, Alfredo"]
[Black "Ragonese, Lucio Rosario"]
[Result "1/2-1/2"]
[WhiteElo "2042"]
[BlackElo "2010"]
[PlyCount "182"]
[EventDate "1999.10.23"]

1.e4 c6 2.d4 d5 3.Nc3 dxe4 4.Nxe4 Nd7 5.Nf3 Ngf6 6.Nxf6+ Nxf6 7.Bc4 Bf5 8.
c3 e6 9.O-O Bd6 10.Re1 O-O 11.Bg5 Bg4 12.h3 Bh5 13.g4 Bg6 14.Ne5 Bxe5 15.
dxe5 Qxd1 16.Raxd1 Nd5 17.Bf1 Rae8 18.c4 Nb6 19.b3 f6 20.exf6 gxf6 21.Bh6 
Rf7 22.h4 Rfe7 23.h5 Bf7 24.Be3 Rc7 25.a4 Ree7 26.a5 Nc8 27.Rd8+ Re8 28.
Red1 b6 29.a6 Kf8 30.Bf4 e5 31.Bh6+ Ke7 32.R8d2 Rg8 33.f3 Bxh5 34.Bh3 Bf7 
35.Kf2 Be6 36.Bf1 Rd7 37.Rxd7+ Bxd7 38.Bd3 Nd6 39.Rh1 Nf7 40.Be3 h6 41.Be4
Rh8 42.Bc1 Ng5 43.Ba3+ c5 44.Bc2 Ne6 45.b4 Bc8 46.b5 Nd4 47.Be4 Be6 48.
Bxc5+ bxc5 49.b6 axb6 50.a7 Bxc4 51.Rxh6 Rd8 52.Rh7+ Kd6 53.Rb7 Nb5 54.
Rxb6+ Kc7 55.Rb7+ Kd6 56.Rb8 Nxa7 57.Rxd8+ Ke7 58.Rh8 Nb5 59.Rh7+ Kd6 60.
Rb7 Nd4 61.Rb6+ Ke7 62.Ke3 Be6 63.Bb1 Bd5 64.f4 exf4+ 65.Kxf4 Be6 66.Bf5 
Bd5 67.Ke3 Kf7 68.Be4 Be6 69.Rb7+ Kf8 70.Bf3 Nxf3 71.Rb8+ Ke7 72.Kxf3 c4 
73.Rb6 Kf7 74.Kf4 Ke7 75.Rb7+ Kd6 76.Rg7 Bd7 77.Rg6 Ke7 78.Rh6 Kf7 79.Rh3 
Be6 80.Ra3 Ke7 81.Kg3 Kd6 82.Kf4 Ke7 83.Rh3 Kf7 84.Rg3 Kg6 85.Ra3 Kf7 86.
Ra7+ Kf8 87.Kg3 Ke8 88.Kh4 Bd7 89.Kh5 Be6 90.Rc7 Kd8 91.Rc5 Ke7 1/2-1/2

[Event "XXI Festival"]
[Site "Arco ITA"]
[Date "1999.10.29"]
[Round "7"]
[White "Romanishin, Oleg M."]
[Black "Naumkin, Igor"]
[Result "1/2-1/2"]
[WhiteElo "2567"]
[BlackElo "2489"]
[PlyCount "39"]
[EventDate "1999.10.23"]

1.Nf3 Nf6 2.c4 b6 3.g3 Bb7 4.Bg2 e6 5.d4 Be7 6.Nc3 Ne4 7.Bd2 Bf6 8.Qc2 
Nxd2 9.Qxd2 d6 10.Rd1 O-O 11.h4 Nd7 12.Qc2 Re8 13.O-O g6 14.Ne4 Bg7 15.
Neg5 d5 16.b3 Rc8 17.e4 h6 18.exd5 exd5 19.Nh3 c5 20.dxc5 1/2-1/2

[Event "XXI Festival"]
[Site "Arco ITA"]
[Date "1999.10.29"]
[Round "7"]
[White "Rotstein, Arkadij"]
[Black "Timoscenko, Gennadij A."]
[Result "1/2-1/2"]
[WhiteElo "2460"]
[BlackElo "2536"]
[PlyCount "89"]
[EventDate "1999.10.23"]

1.Nf3 Nf6 2.g3 b6 3.Bg2 Bb7 4.O-O e6 5.c4 Be7 6.Nc3 O-O 7.Re1 d5 8.cxd5 
exd5 9.d4 Na6 10.Bf4 c5 11.Rc1 Qd7 12.Ne5 Qe6 13.dxc5 Bxc5 14.Nd3 Be7 15.
Bg5 Rad8 16.Qa4 h6 17.Nf4 Qd7 18.Qxd7 Rxd7 19.Bxf6 Bxf6 20.Red1 Rfd8 21.
Nfxd5 Bxd5 22.Rxd5 Rxd5 23.Nxd5 Bxb2 24.Rc8 Rxc8 25.Ne7+ Kf8 26.Nxc8 b5 
27.Nxa7 Nb4 28.Nxb5 Nxa2 29.Nd6 Nb4 30.Bb7 h5 31.Kg2 g6 32.Kf3 Ke7 33.Nc4 
Bg7 34.h3 Ke6 35.Ke4 Ke7 36.g4 hxg4 37.hxg4 Na2 38.Bc6 Nb4 39.Bb5 Ke6 40.
Nb6 f5+ 41.Kf4 Bd4 42.Bc4+ Ke7 43.Nc8+ Kd7 44.e3 Bc5 45.gxf5 1/2-1/2

[Event "XXI Festival"]
[Site "Arco ITA"]
[Date "1999.10.29"]
[Round "7"]
[White "Rytshagov, Mikhail"]
[Black "Slobodjan, Roman"]
[Result "1-0"]
[WhiteElo "2539"]
[BlackElo "2550"]
[PlyCount "61"]
[EventDate "1999.10.23"]

1.e4 e5 2.Nf3 Nc6 3.Bb5 a6 4.Ba4 Nf6 5.O-O Be7 6.Re1 b5 7.Bb3 O-O 8.h3 Bb7
9.d3 d6 10.a3 Nd7 11.Nc3 Nc5 12.Ba2 Qe8 13.Nd5 Bd8 14.c3 Ne7 15.d4 Nd7 16.
dxe5 dxe5 17.c4 c6 18.Nc3 Ng6 19.Be3 Be7 20.Qc2 Bc5 21.Rad1 Bxe3 22.Rxe3 
Qe7 23.Red3 Nc5 24.Rd6 Nh4 25.Nxh4 Qxh4 26.cxb5 cxb5 27.f3 Rac8 28.Qf2 
Qxf2+ 29.Kxf2 Bc6 30.Nd5 Rfe8 31.Rxc6 1-0

[Event "XXI Festival"]
[Site "Arco ITA"]
[Date "1999.10.29"]
[Round "7"]
[White "Skembris, Spyridon"]
[Black "Bellia, Fabrizio"]
[Result "1-0"]
[WhiteElo "2477"]
[BlackElo "2333"]
[PlyCount "81"]
[EventDate "1999.10.23"]

1.d4 Nf6 2.c4 g6 3.Nc3 Bg7 4.e4 d6 5.Bd3 O-O 6.Nge2 Nbd7 7.O-O c5 8.d5 Ne5
9.f4 Nxd3 10.Qxd3 e6 11.dxe6 Bxe6 12.f5 Bd7 13.Bg5 Bc6 14.Nd5 Bxd5 15.exd5
h6 16.Bxf6 Qxf6 17.fxg6 Qxg6 18.Rf5 Bxb2 19.Rb1 Be5 20.Qf3 Rab8 21.a4 b5 
22.cxb5 c4 23.Rc1 Rfc8 24.Nc3 a6 25.h4 axb5 26.axb5 Qg7 27.Qh3 Rc7 28.Rf3 
Ra7 29.b6 Rxb6 30.Qc8+ Kh7 31.Qxc4 Rb2 32.Ne2 Qg6 33.Rcf1 f6 34.R1f2 Rab7 
35.Nf4 Bxf4 36.Qxf4 Rxf2 37.Rxf2 f5 38.Kh2 Rb3 39.Re2 Rb7 40.Re6 Qg4 41.
Qxh6+ 1-0

[Event "XXI Festival"]
[Site "Arco ITA"]
[Date "1999.10.29"]
[Round "7"]
[White "Sturma, Mauro"]
[Black "Heinig, Wolfram"]
[Result "0-1"]
[WhiteElo "2095"]
[BlackElo "2296"]
[PlyCount "130"]
[EventDate "1999.10.23"]

1.e4 c5 2.Nf3 e6 3.b4 cxb4 4.d4 d5 5.e5 Nc6 6.a3 Bd7 7.axb4 Bxb4+ 8.c3 Be7
9.Bd3 f5 10.h4 Qb6 11.Na3 a6 12.Bg5 Rc8 13.O-O Nd8 14.Bxe7 Nxe7 15.c4 Bc6 
16.Qd2 O-O 17.c5 Qc7 18.g3 Be8 19.Nc2 Bh5 20.Ng5 Nec6 21.f3 h6 22.Nh3 Qe7 
23.Kh2 Be8 24.Rab1 Rc7 25.Rb6 Nf7 26.f4 Nfd8 27.Be2 Bf7 28.Rfb1 Qe8 29.Bd1
Bh5 30.Bxh5 Qxh5 31.Qd1 Qxd1 32.Rxd1 g6 33.Kg2 Kf7 34.Ra1 Ke7 35.Kf3 Kd7 
36.Ke3 Nf7 37.Rab1 Na5 38.Na3 Rg8 39.R6b2 g5 40.fxg5 hxg5 41.Rg1 Rcc8 42.
hxg5 Rh8 43.Nf4 Nxg5 44.Rb6 Rc6 45.Rbb1 Rh2 46.Rg2 Rxg2 47.Nxg2 b5 48.cxb6
Rc3+ 49.Ke2 Rxa3 50.b7 Nc6 51.b8=Q Nxb8 52.Rxb8 Ra2+ 53.Kf1 Nf3 54.Nf4 
Nxd4 55.Rb6 a5 56.Rd6+ Ke7 57.Ra6 a4 58.Ra7+ Kd8 59.Ra6 Kd7 60.Rd6+ Ke7 
61.Ra6 a3 62.Ra4 Nc6 63.Nd3 Ra1+ 64.Kg2 a2 65.Kh2 Rd1 0-1

[Event "XXI Festival"]
[Site "Arco ITA"]
[Date "1999.10.29"]
[Round "7"]
[White "Sulava, Nenad"]
[Black "Lazarev, Vladimir"]
[Result "1-0"]
[WhiteElo "2467"]
[BlackElo "2501"]
[PlyCount "85"]
[EventDate "1999.10.23"]

1.c4 c5 2.Nf3 Nc6 3.Nc3 e5 4.g3 g6 5.Bg2 Bg7 6.d3 a5 7.d4 cxd4 8.Nb5 d6 9.
e3 Be6 10.exd4 Bxc4 11.Qa4 Bxb5 12.Qxb5 exd4 13.Bg5 Ne7 14.O-O O-O 15.Rfe1
Rb8 16.Rad1 Re8 17.h4 h6 18.Bf4 Qc7 19.Rc1 Rbd8 20.Nd2 Be5 21.Bxh6 Nf5 22.
Bg5 f6 23.Ne4 fxg5 24.Nxg5 Qd7 25.Rxc6 bxc6 26.Bxc6 Qe7 27.Bxe8 Rxe8 28.f4
d3 29.fxe5 Qa7+ 30.Kg2 Rxe5 31.Rxe5 dxe5 32.Qe8+ Kg7 33.Qxe5+ Kg8 34.Qe8+ 
Kg7 35.Qe5+ Kg8 36.Qd5+ Kg7 37.Qxd3 Qb7+ 38.Kh3 Qh1+ 39.Kg4 Nh6+ 40.Kf4 
Qc1+ 41.Ke4 Qc6+ 42.Qd5 Qc2+ 43.Kf3 1-0

[Event "XXI Festival"]
[Site "Arco ITA"]
[Date "1999.10.29"]
[Round "7"]
[White "Tatai, Stefano"]
[Black "Luciani, Carlo"]
[Result "1-0"]
[WhiteElo "2357"]
[BlackElo "2228"]
[PlyCount "149"]
[EventDate "1999.10.23"]

1.d4 c5 2.d5 e6 3.e4 exd5 4.exd5 d6 5.Nf3 Nf6 6.Be2 Be7 7.O-O O-O 8.h3 Na6
9.c4 Nc7 10.Nc3 Rb8 11.Re1 a6 12.a4 b6 13.Bd3 Bd7 14.Bd2 Re8 15.b3 h6 16.
Qc2 Bf8 17.Ne2 Ra8 18.Ng3 Rxe1+ 19.Rxe1 Nce8 20.Ne2 Kh8 21.g4 Ng8 22.Kg2 
g6 23.Nf4 Ne7 24.Bc3+ Kg8 25.Nd2 Ra7 26.f3 Bc8 27.Nh5 f5 28.Nf4 Bg7 29.Nf1
Bxc3 30.Qxc3 Ng7 31.Ng3 b5 32.Bc2 Qf8 33.Rf1 Qf7 34.h4 h5 35.g5 Ne8 36.Re1
Qg7 37.Qd2 Rc7 38.Re3 Ra7 39.Qe2 Kf8 40.Nf1 Rc7 41.Ng3 Ra7 42.Re6 Qf7 43.
Bxf5 Bxe6 44.dxe6 Qg7 45.Bc2 Qd4 46.Nxg6+ Nxg6 47.Bxg6 Ng7 48.Kh3 Re7 49.
Nf5 Nxf5 50.Bxf5 Qg1 51.Bg6 Qh1+ 52.Kg3 Qg1+ 53.Kf4 Qd4+ 54.Qe4 Rxe6 55.
Qxd4 cxd4 56.Be4 Ke7 57.Kg3 Re5 58.Kf2 Ke6 59.Ke2 Rc5 60.f4 Rc8 61.Kd3 Rf8
62.f5+ Ke5 63.f6 Rd8 64.f7 Ke6 65.Bd5+ Ke7 66.Kxd4 Rc8 67.Ke4 Kf8 68.Kf5 
Kg7 69.Ke6 Rc5 70.Kd7 Kf8 71.Kd8 Kg7 72.g6 Kf8 73.Be6 Re5 74.g7+ Kxg7 75.
Ke7 1-0

[Event "XXI Festival"]
[Site "Arco ITA"]
[Date "1999.10.29"]
[Round "7"]
[White "Trabert, Bettina"]
[Black "Lieb, Harald"]
[Result "1/2-1/2"]
[WhiteElo "2301"]
[BlackElo "2254"]
[PlyCount "79"]
[EventDate "1999.10.23"]

1.e4 e6 2.d4 d5 3.Nd2 Nf6 4.e5 Nfd7 5.c3 c5 6.Bd3 Nc6 7.Ne2 Qb6 8.Nf3 cxd4
9.cxd4 f6 10.exf6 Nxf6 11.O-O Bd6 12.Nc3 O-O 13.Be3 Bd7 14.Ne5 Be8 15.Qd2 
Kh8 16.Ne2 Qd8 17.f4 Bb4 18.Qd1 Ba5 19.Rc1 Bb6 20.h3 Rc8 21.a3 Ne4 22.b4 
a6 23.Kh2 Ne7 24.g4 Rxc1 25.Nxc1 Nc6 26.Ne2 Kg8 27.Qb1 Nxe5 28.fxe5 Bb5 
29.Rxf8+ Qxf8 30.Bxe4 dxe4 31.Nf4 Qf7 32.Qxe4 Bc6 33.Qc2 g5 34.Nh5 Bd8 35.
Qf2 Qg6 36.d5 Bxd5 37.Bc5 Qf7 38.Nf6+ Bxf6 39.Qxf6 Qxf6 40.exf6 1/2-1/2

[Event "XXI Festival"]
[Site "Arco ITA"]
[Date "1999.10.29"]
[Round "7"]
[White "Valenti, Giuseppe"]
[Black "Dalponte, Dino"]
[Result "1-0"]
[WhiteElo "2227"]
[BlackElo "2163"]
[PlyCount "76"]
[EventDate "1999.10.23"]

1.e4 e6 2.d4 d5 3.Nd2 Nf6 4.e5 Nfd7 5.Bd3 b6 6.Ngf3 Ba6 7.Bxa6 Nxa6 8.O-O 
c6 9.Qe2 Nc7 10.Re1 Be7 11.Nf1 b5 12.h3 Nb6 13.N3h2 a5 14.Qg4 g6 15.Bh6 a4
16.Nf3 Kd7 17.Qf4 Qg8 18.N1h2 Ne8 19.Ng4 Ng7 20.Nf6+ Bxf6 21.exf6 Nh5 22.
Ne5+ Kc7 23.Qg5 Nc4 24.g4 Nxe5 25.Qxe5+ Kd7 26.Bg7 Qb8 27.Bxh8 Qxe5 28.
Rxe5 Nf4 29.Bg7 h5 30.Kh2 hxg4 31.hxg4 Kd6 32.Kg3 g5 33.Rae1 Ng6 34.Rxg5 
Nf8 35.Bxf8+ Rxf8 36.Rg7 b4 37.g5 c5 38.dxc5+ Kxc5 1-0

[Event "XXI Festival"]
[Site "Arco ITA"]
[Date "1999.10.29"]
[Round "7"]
[White "Wagman, Stuart"]
[Black "Epishin, Vladimir V."]
[Result "0-1"]
[WhiteElo "2169"]
[BlackElo "2657"]
[PlyCount "66"]
[EventDate "1999.10.23"]

1.e4 c5 2.Nf3 e6 3.d4 cxd4 4.Nxd4 a6 5.Bd3 Bd6 6.O-O Ne7 7.Be3 Qc7 8.Kh1 
Bf4 9.Bxf4 Qxf4 10.c4 b6 11.Nc3 Bb7 12.Nde2 Qc7 13.Rc1 d6 14.f4 Nd7 15.Qe1
O-O 16.Qg3 Rac8 17.h3 Qc5 18.a3 Qh5 19.b4 Qh6 20.Rcd1 Nf6 21.Kg1 Rfd8 22.
Qf2 Nd7 23.Na4 b5 24.cxb5 axb5 25.Bxb5 Nf6 26.Nac3 Bxe4 27.Rc1 Ba8 28.Nd4 
e5 29.fxe5 dxe5 30.Nb3 Ng6 31.Nc5 Nf4 32.Ba6 Rb8 33.Rcd1 Bxg2 0-1

[Event "XXI Festival"]
[Site "Arco ITA"]
[Date "1999.10.29"]
[Round "7"]
[White "Zucchelli, Massimo"]
[Black "Blasco, Domenico"]
[Result "1-0"]
[WhiteElo "2199"]
[BlackElo "2111"]
[PlyCount "53"]
[EventDate "1999.10.23"]

1.d4 Nf6 2.c4 c5 3.d5 b5 4.Nf3 Bb7 5.a4 bxc4 6.Nc3 e6 7.e4 g6 8.Bxc4 Bg7 
9.O-O O-O 10.Bf4 exd5 11.exd5 d6 12.h3 Na6 13.Qd2 Nb4 14.Rfe1 a6 15.Ng5 
Bc8 16.g4 h5 17.f3 hxg4 18.fxg4 Nxg4 19.Kg2 Ne5 20.Be2 Qd7 21.Rh1 Qf5 22.
Raf1 Qc2 23.Qe1 Re8 24.Qh4 Nxd5 25.Bxe5 Rxe5 26.Qh7+ Kf8 27.Rxf7+ 1-0

[Event "XXI Festival"]
[Site "Arco ITA"]
[Date "1999.10.30"]
[Round "8"]
[White "Astengo, Marcello"]
[Black "Medancic, Rikard"]
[Result "0-1"]
[WhiteElo "2017"]
[BlackElo "2329"]
[PlyCount "66"]
[EventDate "1999.10.23"]

1.d4 c5 2.c3 d5 3.Nf3 e6 4.Bf4 Nf6 5.e3 Nc6 6.Bd3 Bd6 7.Bg3 O-O 8.Nbd2 Qe7
9.Ne5 Bxe5 10.dxe5 Nd7 11.Nf3 b6 12.h4 h6 13.Bf4 f5 14.h5 Bb7 15.Qe2 c4 
16.Bc2 b5 17.Rg1 b4 18.g4 bxc3 19.gxf5 cxb2 20.Rb1 exf5 21.Bxh6 Rf7 22.Nd4
Kh8 23.Bf4 Ndxe5 24.Nxf5 Qb4+ 25.Kf1 Qa3 26.h6 g6 27.Nh4 c3 28.Nxg6+ Nxg6 
29.Rxg6 Ba6 30.Be5+ Nxe5 31.Rxa6 Qe7 32.Bg6 Nxg6 33.Rxg6 Qe4 0-1

[Event "XXI Festival"]
[Site "Arco ITA"]
[Date "1999.10.30"]
[Round "8"]
[White "Bellia, Fabrizio"]
[Black "Wagman, Stuart"]
[Result "1/2-1/2"]
[WhiteElo "2333"]
[BlackElo "2169"]
[PlyCount "82"]
[EventDate "1999.10.23"]

1.e4 e5 2.Nf3 Nc6 3.d4 exd4 4.Nxd4 Bc5 5.Nxc6 Qf6 6.Qd2 dxc6 7.Nc3 Ne7 8.
Qf4 Qd6 9.Qxd6 Bxd6 10.f4 f5 11.e5 Bb4 12.Bd2 Bxc3 13.Bxc3 Be6 14.Bd3 Kf7 
15.Ke2 a5 16.Bd2 Nd5 17.a3 c5 18.c4 Ne7 19.Bc3 Rhd8 20.Ke3 Rd7 21.Be2 b6 
22.Rhd1 Rad8 23.Rxd7 Rxd7 24.b4 axb4 25.axb4 b5 26.bxc5 bxc4 27.Ba5 Nc6 
28.Bc3 Ne7 29.Be1 Bd5 30.g4 Be6 31.h3 Nc6 32.Ra6 Ne7 33.Ra3 g6 34.Ra1 c6 
35.Bh4 Nd5+ 36.Kf3 Nc3 37.Bf2 Ne4 38.Be1 Nxc5 39.Bb4 Ne4 40.Ra6 Bd5 41.Ke3
Rb7 1/2-1/2

[Event "XXI Festival"]
[Site "Arco ITA"]
[Date "1999.10.30"]
[Round "8"]
[White "Blasco, Domenico"]
[Black "Diotallevi, Maurizio"]
[Result "1/2-1/2"]
[WhiteElo "2111"]
[BlackElo "1909"]
[PlyCount "110"]
[EventDate "1999.10.23"]

1.d4 d5 2.e3 Bf5 3.c4 c6 4.cxd5 cxd5 5.Qb3 Qd7 6.Nf3 f6 7.Nc3 e6 8.Be2 Nc6
9.O-O Bd6 10.Re1 Nge7 11.g3 Bg6 12.a3 O-O 13.Bf1 f5 14.Bd2 Rac8 15.Na4 b6 
16.Ba6 Rb8 17.Bb5 Qd8 18.Ng5 Bf7 19.Rac1 Rc8 20.Ba6 Rc7 21.Rc2 Nb8 22.Rxc7
Qxc7 23.Rc1 Qd7 24.Bb5 Qd8 25.Bb4 h6 26.Nxf7 Kxf7 27.Bxd6 Qxd6 28.Rc3 Rc8 
29.Qc2 Rxc3 30.Qxc3 Qd8 31.b4 Qc8 32.Qd2 Ng8 33.Nb2 Nf6 34.f3 g5 35.Nd3 
Nbd7 36.Bxd7 Nxd7 37.h4 Qc7 38.Kg2 Kg6 39.hxg5 hxg5 40.Kf2 Kf6 41.Kg2 Qc4 
42.Nf2 e5 43.dxe5+ Nxe5 44.Qb2 Ke6 45.Nh3 g4 46.Ng5+ Kd6 47.f4 Nd7 48.Kf2 
Qd3 49.b5 Qc4 50.Nf7+ Kc5 51.Nh6 Nf6 52.Qxf6 Qc2+ 53.Ke1 Qc1+ 54.Ke2 Qc2+ 
55.Ke1 Qc1+ 1/2-1/2

[Event "XXI Festival"]
[Site "Arco ITA"]
[Date "1999.10.30"]
[Round "8"]
[White "Cavatorta, Fosco"]
[Black "Lettich, Sergio"]
[Result "0-1"]
[WhiteElo "2066"]
[BlackElo "2182"]
[PlyCount "122"]
[EventDate "1999.10.23"]

1.d4 Nf6 2.Nf3 g6 3.Bf4 Bg7 4.e3 d6 5.h3 b6 6.Nbd2 Bb7 7.a4 Nbd7 8.Be2 c5 
9.c3 O-O 10.O-O Re8 11.Qb3 e5 12.dxe5 dxe5 13.Bh2 e4 14.Ng5 Bd5 15.Bc4 
Bxc4 16.Qxc4 Qe7 17.Rad1 Nf8 18.Nb3 Rad8 19.h4 h6 20.Nh3 Rd7 21.Rxd7 Qxd7 
22.Qe2 Rd8 23.Nf4 Qxa4 24.Nd2 Qd7 25.Nc4 Ng4 26.Bg3 h5 27.Ra1 b5 28.Na3 b4
29.Nb5 a6 30.Rxa6 Rb8 31.c4 Qc8 32.Rd6 Ra8 33.Rd1 Ra2 34.Nd5 Qa8 35.Qc2 
Ra1 36.f3 exf3 37.gxf3 Ne5 38.Bxe5 Bxe5 39.Rb1 Qa2 40.Rxa1 Qxa1+ 41.Kg2 
Qxb2 42.Qxb2 Bxb2 43.Kf2 b3 44.Ke2 Nd7 45.f4 Nf6 46.Ndc3 Bc1 47.Kd3 b2 48.
Na3 Ng4 49.Nd5 Kg7 50.Ke4 f6 51.Kf3 Kf7 52.e4 Ke6 53.Nb1 g5 54.fxg5 fxg5 
55.hxg5 Bxg5 56.Nf4+ Bxf4 57.Kxf4 Ne5 58.Kg5 Nxc4 59.Kxh5 Ke5 60.Kg5 Kxe4 
61.Kf6 Kd3 0-1

[Event "XXI Festival"]
[Site "Arco ITA"]
[Date "1999.10.30"]
[Round "8"]
[White "Dalponte, Dino"]
[Black "Ricci, Alfredo"]
[Result "0-1"]
[WhiteElo "2163"]
[BlackElo "2042"]
[PlyCount "93"]
[EventDate "1999.10.23"]

1.d4 Nf6 2.c3 b6 3.e3 Bb7 4.Nd2 d6 5.Ngf3 g6 6.Bc4 Bg7 7.O-O O-O 8.Qe2 
Nbd7 9.e4 d5 10.exd5 Nxd5 11.Nb3 h6 12.Re1 e6 13.Bd2 c5 14.dxc5 bxc5 15.
Rad1 Qc7 16.Bb5 N5b6 17.Na5 a6 18.Bxd7 Nxd7 19.Nxb7 Qxb7 20.Bc1 Nb6 21.Ne5
Rfd8 22.Ng4 h5 23.Rxd8+ Rxd8 24.Bg5 Rb8 25.Nf6+ Kh8 26.c4 Nd7 27.Nxd7 Qxd7
28.b3 a5 29.Rd1 Qc7 30.Qf3 Re8 31.h4 f5 32.Be3 Bf6 33.g3 e5 34.Rd5 Be7 35.
Qd1 f4 36.gxf4 exf4 37.Qa1+ Kg8 38.Qb1 Kh7 39.Rxh5+ Kg7 40.Qb2+ Bf6 41.
Rxc5 Qd7 42.Qd2 fxe3 43.Rd5 exf2+ 44.Qxf2 Qg4+ 45.Kf1 Qh3+ 46.Kg1 Bxh4 47.
Qd4+ 0-1

[Event "XXI Festival"]
[Site "Arco ITA"]
[Date "1999.10.30"]
[Round "8"]
[White "Efimov, Igor"]
[Black "Rotstein, Arkadij"]
[Result "1/2-1/2"]
[WhiteElo "2445"]
[BlackElo "2460"]
[PlyCount "67"]
[EventDate "1999.10.23"]

1.d4 Nf6 2.Nf3 b6 3.g3 Bb7 4.Bg2 c5 5.O-O g6 6.Nc3 cxd4 7.Qxd4 Bg7 8.Rd1 
d6 9.a4 a6 10.Bg5 Nbd7 11.Qd2 h6 12.Be3 Qc7 13.h3 Rc8 14.Rac1 h5 15.Qd4 
O-O 16.Qh4 Rfe8 17.g4 Bxf3 18.exf3 Ne5 19.g5 Nfd7 20.Nd5 Qd8 21.f4 Nc4 22.
b3 Nxe3 23.Nxe3 Nc5 24.f5 e6 25.f6 Bf8 26.Bf3 Nd7 27.Bb7 Ne5 28.Qg3 Rc3 
29.Bxa6 Qa8 30.Be2 Qe4 31.Bd3 Nxd3 32.cxd3 Rxd3 33.Rxd3 Qxd3 34.Nf1 
1/2-1/2

[Event "XXI Festival"]
[Site "Arco ITA"]
[Date "1999.10.30"]
[Round "8"]
[White "Falbo, Sandro"]
[Black "Dubois, Martine"]
[Result "1-0"]
[WhiteElo "2082"]
[BlackElo "2012"]
[PlyCount "57"]
[EventDate "1999.10.23"]

1.e4 d5 2.exd5 Qxd5 3.Nc3 Qd6 4.d4 Nf6 5.Nf3 a6 6.Be3 Bg4 7.Be2 Nc6 8.Qd2 
e5 9.dxe5 Nxe5 10.Nxe5 Qxe5 11.Bd4 Qe6 12.Bxf6 gxf6 13.O-O-O Bxe2 14.Rhe1 
Bxd1 15.Rxe6+ fxe6 16.Qxd1 h5 17.Qd3 Ke7 18.Qe4 Bh6+ 19.Kb1 Rab8 20.Nd5+ 
Kd6 21.Nxf6 Rbf8 22.Qb4+ Kc6 23.Qc4+ Kd6 24.Ne4+ Ke5 25.f3 Rh7 26.Qc5+ Kf4
27.Qxh5 Rff7 28.Qg6 Rd7 29.a3 1-0